01332nas a22002537a 4500999001500000003000400015005001700019008004100036022001400077040001400091245005700105260008000162310001400242362004900256650004700305650004500352650004900397650003600446710007600482856010500558942001300663952013000676952027200806 c6549d6549OSt20240905132200.0130702d19962010sp ||||| |||| 00| 0 cat d a1886-4074 cCDMRbcat aAntena localb: la revista de la comunicació local aBarcelonabFederació Catalana de Ràdios i Televisions Localsc1996-2010 aBimestral aNúm. 1 (jul. 1996) - núm. 71 (des. 2010)0493717aPremsa comarcalzCatalunyavRevistes0493756aRàdio localzCatalunyavRevistes0493757aTelevisió localzCatalunyavRevistes0494580aButlletins d'informació2 93907aFederació d'Organismes i Entitats de Ràdio Local de Catalunya04uhttps://www.radiolocal.cat/ca/publicacions.cfm/id/4875/revista-_antena-local_yDisponible en línia 2udccSER 00104070aCDMRbCDMRd2013-01-16hNúm. 14 (febr. 2000) - núm. 71 (des. 2010)pCDMR13076793r2013-07-02w2013-07-02ySER 00104070aLLEIDAbLLEIDAd2013-07-19hNúm. 4 (1997)-núm. 26 (2002)/ nú.28 (2002)-núm. 30 (2003)/ núm. 32 (2003)-núm. 47 (2006)/ núm. 51 (2006)- núm. 58 (2008)/ núm. 68- (2010)-núm. 70 (2010) 70 (2010)pLLEIDA13076801r2013-07-19w2013-07-19ySER